Excursions du Petit Poucet dans le corps humain et dans les animaux (Record no. 54837)

MARC details
000 -LEADER
campo de control de longitud fija 00566nam a22001695i 4500
001 - NÚMERO DE CONTROL
campo de control 54837
003 - IDENTIFICADOR DE NÚMERO DE CONTROL
campo de control ES-MaACL
005 - FECHA Y HORA DE LA ÚLTIMA TRANSACCIÓN
campo de control 20230906163030.0
007 - CAMPO FIJO DE DESCRIPCIÓN FÍSICA--INFORMACIÓN GENERAL
campo de control de longitud fija t|
008 - DATOS DE LONGITUD FIJA--INFORMACIÓN GENERAL
campo de control de longitud fija 960731s1886 fr ||||1| fre d
040 ## - FUENTE DE CATALOGACIÓN
Centro catalogador/agencia de origen CAM
Lengua de catalogación spa
Centro/agencia transcriptor CAM
100 1# - ENTRADA PRINCIPAL--NOMBRE DE PERSONA
Nombre de persona Galopin, Augustin.
9 (RLIN) 53666
245 10 - MENCIÓN DEL TÍTULO
Título Excursions du Petit Poucet dans le corps humain et dans les animaux
Resto del título : physiologie, hygiène, médecine et chirurgie usuelles /
Mención de responsabilidad, etc. par Augustin Galopin.
260 ## - PUBLICACIÓN, DISTRIBUCIÓN, ETC.
Lugar de publicación, distribución, etc. Paris :
Nombre del editor, distribuidor, etc. E. Dentu,
Fecha de publicación, distribución, etc. 1886 (
Fabricante typ. Noizette)
300 ## - DESCRIPCIÓN FÍSICA
Extensión [4], 408 p. ;
Dimensiones 20 cm.
852 ## - LOCALIZACIÓN
Ubicación ES-MaACL
Número de control de estantería D-2893
Holdings
Estatus retirado Estado de pérdida Estado de daño No para préstamo Colección Biblioteca de origen Biblioteca actual Ubicación en estantería Fecha de adquisición Fuente de adquisición Total de préstamos Signatura topográfica completa Código de barras Visto por última vez Precio de reemplazo Tipo de ítem Koha
        Libros del s. XIX Biblioteca del Ateneo de Madrid Biblioteca del Ateneo de Madrid Sala Valle Inclán 17/01/2008     D-2893 901057622 23/02/2023 23/02/2023 Libro impreso antiguo